Well Known Songs that are titled Numbers - Statistics

General Stats
  • This quiz has been taken 9 times
  • The average score is 6 of 20
Answer Stats
Hint Answer % Correct
Metallica 1
100%
Britney Spears 3
88%
Taylor Swift 22
75%
Khalid 8TEEN
63%
Prince 1999
38%
Childish Gambino 3005
38%
Gorillaz 19-2000
25%
The Smashing Pumpkins 1979
25%
Arctic Monkeys 505
25%
Travis Scott 90210
25%
The Strokes 12:51
13%
Freddie Gibbs 1985
13%
Freddie Gibbs 1995
13%
Playboi Carti 2024
13%
Yeat 2093
13%
Westside Gunn 327
13%
Tyler, The Creator 435
13%
Jay-Z 4:44
13%
Tyler, The Creator 48
13%
Tyler, The Creator 911
13%
No matching quizzes found
Score Distribution
Percent of People with Each Score
Percentile by Number Answered
Your Score History
You have not taken this quiz